书目信息 |
| 题名: |
水工混凝土的温控与防裂
|
|
| 作者: | 龚召熊 主编 | |
| 分册: | ||
| 出版信息: | 北京 中国水利水电出版社 1999.05 |
|
| 页数: | 266页 | |
| 开本: | 16开 | |
| 丛书名: | ||
| 单 册: | ||
| 中图分类: | TV43 | |
| 科图分类: | ||
| 主题词: | 水工材料--混凝土 , 水工材料--砂浆 | |
| 电子资源: | ||
| ISBN: | 7-5084-0044-5 | |
| 000 | 00619nam0 2200205 45 | |
| 001 | 0010042090 | |
| 005 | 20001004201455.6 | |
| 010 | @a7-5084-0044-5@d30.00元 | |
| 100 | @a20001004d1999 km y0chiy0120 ea | |
| 101 | 0 | @achi |
| 105 | @a z 000yy | |
| 200 | 1 | @a水工混凝土的温控与防裂@AShui Gong Hun Ning Tu De Wen Kong Yu Fang Lie@f龚召熊主编@FGong Zhao Xiong Zhu Bian |
| 210 | @a北京@c中国水利水电出版社@d1999.05 | |
| 215 | @a266页@d16开 | |
| 606 | 0 | @a水工材料@x混凝土 |
| 606 | 0 | @a水工材料@x砂浆 |
| 690 | @aTV43@v3 | |
| 701 | 0 | @a龚召熊@4主编 |
| 801 | @aCN@bPftUser@c20001004 | |
| 905 | @b413819-820@dTV43@eG905@f2 | |
| 水工混凝土的温控与防裂/龚召熊主编.-北京:中国水利水电出版社,1999.05 |
| 266页;16开 |
| ISBN 7-5084-0044-5:30.00元 |
| ● |
| 相关链接 |
|
|
|
正题名:水工混凝土的温控与防裂
索取号:TV43/G905
 
预约/预借
| 序号 | 登录号 | 条形码 | 馆藏地/架位号 | 状态 | 备注 |
| 1 | 0417077 | 204170770 | 自科库501/501自科库 77排2列3层/ [索取号:TV43/G905] | 在馆 | |
| 2 | 413819 | 204138192 | 自科库501/501自科库 77排2列3层/ [索取号:TV43/G905] | 在馆 | |
| 3 | 413820 | 204138209 | 自科二线504/504自科库 44排3列1层/ [索取号:TV43/G905] | 在馆 |